Szczegóły MARC21

O zarządzaniu słów kilka /

003 -Nazwa inst., której nr kontr. jest w polu 001 [,]
    • @
    • Nazwa instytucji, której n kontrolny jest w polu 001
    • NUKAT
005 -DATA I CZAS OSTATNIEJ MODYFIKACJI [,]
    • @
    • pole kontrolne
    • 20241231102339.0
020 -Międzynarod. znormalizowany nr książki - ISBN [ , ]
    • a
    • Numer ISBN
    • 8388991000 Find
040 -Instytucja sporządzająca opis [ , ]
    • a
    • Instytucja, która sporządziła opis (NP)
    • OLSZT 003/BT
    • c
    • Instytucja, która sporządziła rekord (NP)
    • OLSZT 003/BT
    • d
    • Instytucja, która zmodyfikowała rekord (P)
    • OLSZT 003/BT
    • d
    • Instytucja, która zmodyfikowała rekord (P)
    • WR U/JHs
    • d
    • Instytucja, która zmodyfikowała rekord (P)
    • KR U/WS
    • d
    • Instytucja, która zmodyfikowała rekord (P)
    • GL 001/EZN
    • d
    • Instytucja, która zmodyfikowała rekord (P)
    • GL 001/JK
942 -Rodzaj dokumentu [ , ]
    • c
    • Rodzaj dokumentu
    • Książka
100 -Hasło główne - nazwa osobowa [1, ]
    • a
    • Nazwa osobowa (NP)
    • Cieślicki, Maciej.
    • 9
    • KHW
    • 90591
245 -Strefa tytułu i oznaczenia odpowiedzialności [1,0]
    • a
    • Tytuł
    • O zarządzaniu słów kilka / Find
    • c
    • Pozostałe elementy strefy tytułu i oznaczenia odpowiedzialności (NP)
    • Maciej Cieślicki.
260 -Strefa adresu wydawniczego [ , ]
    • a
    • Miejsce wydania (P)
    • Gorzów Wlkp. :
    • b
    • Nazwa wydawcy (P)
    • Wyższa Szkoła Biznesu,
    • c
    • Data wydania (P)
    • cop. 2001.
300 -Strefa opisu fizycznego [ , ]
    • a
    • Określenie formy książki i/lub objętość (NP)
    • 226 s. :
    • b
    • Oznaczenie ilustracji (NP)
    • rys. ;
    • c
    • Format (NP)
    • 24 cm.
336 -Typ zawartości [ , ]
    • a
    • Termin opisujący typ zawartości
    • Tekst
    • b
    • Kod określający zawartość
    • txt
    • 2
    • Źródło (terminu i kodu)
    • rdacontent
337 -Typ mediów [ , ]
    • a
    • Tryb odtwarzania
    • Bez urządzenia pośredniczącego
    • b
    • Kod typu mediów
    • n
    • 2
    • Źródło (terminu i kodu)
    • rdamedia
338 -Typ/rodzaj nośnika [ , ]
    • a
    • Hasło opisujące typ nośnika
    • Wolumin
    • b
    • Kod typu nośnika
    • nc
    • 2
    • Źródło (terminu i kodu)
    • rdacarrier
504 -Uwaga dot. bibliogr. załącznikowej [ , ]
    • a
    • Uwaga dot. bibliografii załącznikowej
    • Bibliogr. s. 223-226.
080 -Uniwersalna Klasyfikacja Dziesiętna [ , ]
    • 2
    • Identyfikator wydania tablic
    • UDC-P058
    • a
    • Symbol klasyfikacji
    • 005.1
    • b
    • Dopowiedzenie
    • Teoria zarządzania.
650 -Hasło przedmiotowe [ ,7]
    • a
    • Hasło przedmiotowe
    • Zarządzanie
    • v
    • Określnik formalny
    • podręczniki.
    • 2
    • Źródło terminu
    • kaba
    • 9
    • KHW
    • 361187
980 -Symbol UKD [ , ]
    • a
    • UKD
    • 005.1
710 -Hasło dodatkowe - nazwa ciała zbiorowego [2, ]
    • a
    • Nazwa ciała zbiorowego lub nazwa geograficzna jako pierwszy element (NP)
    • Wyższa Szkoła Biznesu (Gorzów Wielkopolski).
    • 4
    • Kod relacji
    • pbl
    • 9
    • KHW
    • 624501
920 -ISBN [ , ]
    • a
    • ISBN
    • 83-88991-00-0 Find
Lokalizacja Data inwentaryzacji Status udost. Numer inwentarzowy Sygnatura
BE2003-03-06-2E.68561 
BG2005-03-231Z.104315Z.104315
BG2011-08-161N.20092 
BG2011-08-161N.20093 
T2002-01-21-2T.6300T.6300
T2002-01-21-3T.6301T.6301
T2002-01-21-3T.6302T.6302
T2002-01-21-3T.6303T.6303
T2002-01-21-3T.6304T.6304
T2002-01-21-3T.6305T.6305
T2002-01-21-3T.6306T.6306
T2002-01-21-3T.6307T.6307
T2002-01-21-3T.6308T.6308
T2002-01-21-3T.6309T.6309
T2002-01-21-3T.6310T.6310
T2002-01-21-3T.6311T.6311
T2002-01-21-6T.6312T.6312
T2002-01-21-6T.6313T.6313
T2002-01-21-3T.6314T.6314
T2002-01-21-3T.6315T.6315
T2002-01-21-3T.6316T.6316
T2002-01-21-3T.6317T.6317
T2002-01-21-3T.6318T.6318
T2002-01-21-3T.6319T.6319
T2005-03-22-3TM.3021TM.3021
T2005-03-22-3TM.3022TM.3022
T2005-03-22-3TM.3023TM.3023
T2005-03-22-3TM.3024TM.3024
T2007-09-12-3TM.4947TM.4947
T2007-09-12-3TM.4948TM.4948
T2007-08-27-3TM.4777TM.4777
T2009-03-02-6TM.6437TM.6437
T2013-12-04-6TM.9668TM.9668
T2014-06-04-6TM.11298TM.11298